000 01066nam a2200289Ia 4500
003 OSt
005 20220930091637.0
006 a|||||r|||| 00| 0
007 ta
008 220926b |||||||| |||| 00| 0 eng d
024 _a6669
037 _cTheses
040 _aCRL
_cCRL
_beng
041 _2eng
_aeng
100 _aPatel Anuradha
_9546227
110 _aUniversity of Delhi. Faculty of Medical Sciences. Department of Medicine
245 0 _aEffect of three different doses of epidural buprenorphine on ambulation and analgesia in patients undergoing lower abdominal surgery
260 _c2012
650 _aANESTHETICS
_9519569
700 _a Dr. Arun Gupta Gu.
_9536029
700 _a Dr. Mahendra Kumar Gu.
700 _a Dr. Rajesh Singh Rautela Gu.
_9536966
700 _a Dr. U. C. Verma Gu.
700 _aUniversity of Delhi. Faculty of Medical Sciences. Department of Medicine
942 _cDIS
_2CC
999 _c882395
_d882395